| 000 | 00453cam a2200193ua 4500 | ||
|---|---|---|---|
| 020 | _c6.25 | ||
| 041 |
_aeng _h |
||
| 082 |
_a515.43 _bSHA/IN |
||
| 100 | _aShanti, Narayan . | ||
| 245 |
_aIntegral calculus / _cShanti Narayan. _hTextual Documents |
||
| 250 |
_a7 / _b. |
||
| 260 |
_aNew Delhi : _bS.Chand & Sons , _c1961. |
||
| 300 | _a320 ; . | ||
| 365 | _a6.25 | ||
| 504 | _a | ||
| 942 | _cBK | ||
| 999 |
_c124 _d124 |
||